000 00765nam a2200265Ia 4500
005 20260302115602.0
008 008 260114s9999 xx 000 0 eng d
020 _a9781408175477
037 _aTextbook
040 _aCRL
040 _beng
040 _cCRL
041 _2eng
041 _aeng
084 _qCRL
100 _aGraham Saunders
_91059728
245 0 _aBritish Theatre Companies: 1980-1994 Joint Stock, Gay Sweatshop, Complicite, Forced Entertainment, Women's Theatre Group, Talawa
260 _bBloomsbury
260 _bMethuen Drama
260 _c2015
650 _aLiterary Studies
856 _uhttps://doi.org/10.5040/9781408175477?locatt=label:secondary_bloomsburyCollections
942 _cEBOOK
999 _c1686747
_d1686747